|
|
|
|
| LEADER |
01029nam a2200253 a 4500 |
| 001 |
26913 |
| 008 |
130424s1994 cau b s001 0 eng d |
| 010 |
|
|
|a 94025112
|
| 020 |
|
|
|a 0520087712
|
| 040 |
|
|
|a DLC
|c DLC
|d DLC
|d BD-DhAAL
|
| 082 |
0 |
0 |
|a 791.43/09
|2 20
|
| 100 |
1 |
|
|a Rodowick, David Norman.
|
| 245 |
1 |
4 |
|a The crisis of political modernism :
|b criticism and ideology in contemporary film theory /
|c D.N. Rodowick.
|
| 250 |
|
|
|a 1st pbk ed.
|
| 260 |
|
|
|a Berkeley, Calif. :
|b University of California Press,
|c c1994.
|
| 300 |
|
|
|a xxxii, 311 p. ;
|c 23 cm.
|
| 500 |
|
|
|a Originally published: Urbana : University of Illinois Press, 1988.
|
| 504 |
|
|
|a Includes bibliographical references and index.
|
| 541 |
|
|
|a 26913
|
| 650 |
|
0 |
|a Film criticism.
|
| 650 |
|
0 |
|a Motion pictures
|x Political aspects.
|
| 852 |
1 |
|
|a Ayesha Abed Library
|j General Shelf.
|
| 999 |
|
|
|c 13406
|d 13406
|
| 952 |
|
|
|0 0
|1 0
|2 ddc
|4 0
|6 791_430900000000000_ROD
|7 0
|9 22343
|a IGS
|b IGS
|c GEN
|d 2012-04-22
|e Prothoma
|g 4160.00
|l 0
|o 791.4309 ROD
|p 3010026913
|r 2013-05-12
|t 1
|w 2012-04-22
|y BK
|